Sports first aid and injury prevention/ (Record no. 3930)
[ view plain ]
| 000 -LEADER | |
|---|---|
| fixed length control field | 00916nam a22002537a 4500 |
| 008 - FIXED-LENGTH DATA ELEMENTS--GENERAL INFORMATION | |
| fixed length control field | 160819b xxu||||| |||| 00| 0 eng d |
| 020 ## - INTERNATIONAL STANDARD BOOK NUMBER | |
| International Standard Book Number | 13: 978-0-7637-5556-0 (pbk) |
| 020 ## - INTERNATIONAL STANDARD BOOK NUMBER | |
| International Standard Book Number | 10: 0-7637-5556-7 |
| 082 ## - DEWEY DECIMAL CLASSIFICATION NUMBER | |
| Classification number | DC 617.1027 Sp6 2009 |
| 100 ## - MAIN ENTRY--PERSONAL NAME | |
| 9 (RLIN) | 13131 |
| Personal name | Pfeiffer, Ronald P. |
| 245 ## - TITLE STATEMENT | |
| Title | Sports first aid and injury prevention/ |
| Statement of responsibility, etc. | Ronald P. Pfeiffer...[and 4 others]. |
| 260 ## - PUBLICATION, DISTRIBUTION, ETC. (IMPRINT) | |
| Place of publication, distribution, etc. | Massachusetts: |
| Name of publisher, distributor, etc. | Jones and Bartlett Publishers, |
| Date of publication, distribution, etc. | c2008. |
| 300 ## - PHYSICAL DESCRIPTION | |
| Extent | vii, 110 pages: |
| Other physical details | color illustrations; |
| Dimensions | 25 cm. |
| 500 ## - GENERAL NOTE | |
| General note | Includes index. |
| 650 #0 - SUBJECT ADDED ENTRY--TOPICAL TERM | |
| 9 (RLIN) | 13143 |
| Topical term or geographic name as entry element | Sports injuries |
| General subdivision | Prevention. |
| 650 #0 - SUBJECT ADDED ENTRY--TOPICAL TERM | |
| 9 (RLIN) | 13144 |
| Topical term or geographic name as entry element | Sports medicine. |
| 650 #0 - SUBJECT ADDED ENTRY--TOPICAL TERM | |
| 9 (RLIN) | 13145 |
| Topical term or geographic name as entry element | Wounds and injuries |
| General subdivision | Prevention. |
| 650 #0 - SUBJECT ADDED ENTRY--TOPICAL TERM | |
| 9 (RLIN) | 13146 |
| Topical term or geographic name as entry element | First aid in illness and injury. |
| 700 ## - ADDED ENTRY--PERSONAL NAME | |
| 9 (RLIN) | 13132 |
| Personal name | Thygerson, Alton. |
| 700 ## - ADDED ENTRY--PERSONAL NAME | |
| 9 (RLIN) | 13133 |
| Personal name | Palmieri, Nicholas F. |
| 700 ## - ADDED ENTRY--PERSONAL NAME | |
| 9 (RLIN) | 13134 |
| Personal name | Gulli, Benjamin. |
| 700 ## - ADDED ENTRY--PERSONAL NAME | |
| 9 (RLIN) | 13135 |
| Personal name | Ossman, Eric W. |
| 942 ## - ADDED ENTRY ELEMENTS (KOHA) | |
| Source of classification or shelving scheme | Dewey Decimal Classification |
| Koha item type | Circulation |
| Withdrawn status | Lost status | Source of classification or shelving scheme | Damaged status | Not for loan | Collection code | Home library | Current library | Date acquired | Source of acquisition | Cost, normal purchase price | Total Checkouts | Full call number | Barcode | Date last seen | Price effective from | Koha item type |
|---|---|---|---|---|---|---|---|---|---|---|---|---|---|---|---|---|
| Dewey Decimal Classification | Circulation | UM Digos College - LIC | UM Digos College - LIC | 09/24/2010 | Purchased | 1250.00 | DC 617.1027 Sp6 2009 | 21226 | 05/15/2025 | 08/19/2016 | Circulation |
